| 000 | 00577nam a22001697a 4500 | ||
|---|---|---|---|
| 020 | _qHard Cover. | ||
| 082 | _a621.3 | ||
| 100 | _aUsman Mufti ; Sohaib Sultan ; Ousaid Imtiaz | ||
| 245 |
_aHR Management / _cUsman Mufti ; Sohaib Sultan ; Ousaid Imtiaz |
||
| 260 |
_aIslamabad : _bSEECS - NUST, _c2008. |
||
| 300 |
_a34 p. : ill. ; _c30cm. |
||
| 650 |
_aHR Management-Project Report _931449 |
||
| 700 |
_aMuhammad Yousaf. _915771 |
||
| 856 | _uhttp://10.250.8.41:8080/xmlui/handle/123456789/29578 | ||
| 942 |
_2ddc _cPR |
||
| 999 |
_c536344 _d536344 |
||